Trading Houses
Gespeichert in:
| Format: | Buch |
|---|---|
| Sprache: | Englisch Deutsch |
| Veröffentlicht: |
Praha
Czechoslovak Chamber of Commerce and Industry
1991
|
| Ausgabe: | 1. vyd. |
| Schlagworte: | |
| Tags: |
Keine Tags, Fügen Sie das erste Tag hinzu!
|
MARC
| LEADER | 00000nam a2200000 4500 | ||
|---|---|---|---|
| 001 | c001725 | ||
| 005 | 20221214095051.5 | ||
| 020 | |a 80-7003-194-8 | ||
| 041 | 0 | |a eng | |
| 041 | 0 | |a ger | |
| 044 | |a CZ | ||
| 245 | 1 | 0 | |a Trading Houses |
| 250 | |a 1. vyd. | ||
| 264 | 1 | |a Praha |b Czechoslovak Chamber of Commerce and Industry |c 1991 | |
| 300 | |a 100 s. | ||
| 610 | 2 | 0 | |a ČSFR |
| 610 | 2 | 0 | |a obchod zahraničný |
| 610 | 2 | 0 | |a vzťahy hospodárske medzinárodné |
| 610 | 2 | 0 | |a komodity |
| 610 | 2 | 0 | |a spoločnosti obchodné |
| 610 | 2 | 0 | |a katalógy |
| 610 | 2 | 0 | |a registre |